000 00560nam a2200193Ia 4500
005 20250508155035.0
008 008 250505s9999 xx 000 0 eng d
037 _aBooks to be hide in OPAC
040 _aFEDL
_beng
_cFEDL
041 _aeng
_2eng
084 _a150.1943072, PAR
_qFEDL
100 _aPareek Udai
245 0 _aGuide to the literature of research methodology in behavioural sciences
260 _c1965
300 _a64p.
700 _a Mittal S R
_9766611
942 _cHB
_h150.1943072, PAR
999 _c1353605
_d1353605